[Event "ICS rated bullet match"]
[Site "204.178.125.65"]
[Date "2001.09.02"]
[Round "?"]
[White "Expert13"]
[Black "Hossa"]
[Result "0-1"]
[WhiteElo "2656"]
[BlackElo "2393"]
[PlyCount "128"]
[EventDate "2001.??.??"]

1. d4 d5 2. c4 c6 3. Nf3 Nf6 4. Qc2 g6 5. Bf4 Bf5 6. Qb3 Qb6 7. c5 Qxb3 8. axb3
Na6 9. Nc3 Nh5 10. Bd2 Bg7 11. e4 Nb4 12. O-O-O dxe4 13. Nxe4 Na2+ 14. Kb1
Bxe4+ 15. Kxa2 Bxf3 16. gxf3 Bxd4 17. Be3 Be5 18. Bh3 e6 19. Bg4 Nf4 20. Bd4
Bxd4 21. Rxd4 Nd5 22. f4 O-O-O 23. Rhd1 a5 24. Ra4 Kc7 25. Ka3 Nf6 26. Rg1 Rd2
27. Rxa5 Rxf2 28. h4 Nxg4 29. Rxg4 f5 30. Rg1 Rxf4 31. h5 gxh5 32. Rg7+ Kb8 33.
Re7 h4 34. Rxe6 h5 35. Ra4 Rxa4+ 36. bxa4 Rg8 37. Re5 Rg5 38. Kb4 h3 39. Re1
Rg4+ 40. Ka5 h2 41. Rh1 Rh4 42. b4 f4 43. Kb6 f3 44. b5 f2 45. Ka5 cxb5 46. Kb6
bxa4 47. c6 bxc6 48. Rd1 Rb4+ 49. Kc5 Rf4 50. Kb6 Kc8 51. Rf1 Kd7 52. Rd1+ Ke7
53. Rf1 Kd6 54. Ka5 a3 55. Kb6 c5 56. Rd1+ Rd4 57. Ra1 Rb4+ 58. Ka5 Kc6 59. Rc1
a2 60. Ra1 h1=Q 61. Rxh1 Rb1 62. Rh4 a1=R+ 63. Ra4 Rb5+ 64. Ka6 Rxa4# {
Expert13 checkmated} 0-1

[Event "ICS rated bullet match"]
[Site "204.178.125.65"]
[Date "2001.09.02"]
[Round "?"]
[White "Hossa"]
[Black "Expert13"]
[Result "0-1"]
[WhiteElo "2419"]
[BlackElo "2630"]
[PlyCount "150"]
[EventDate "2001.??.??"]

1. e4 e5 2. Nf3 Nc6 3. Bb5 a6 4. Ba4 Nf6 5. d4 exd4 6. e5 Ne4 7. Nxd4 Bc5 8.
Bxc6 dxc6 9. c3 O-O 10. O-O f6 11. exf6 Qxf6 12. Be3 Bd6 13. Qb3+ Rf7 14. Qc2
Nc5 15. Nd2 Bg4 16. b4 Qe5 17. g3 Ne6 18. Ne4 Nxd4 19. Bxd4 Qh5 20. f4 Qg6 21.
Rf2 Bf5 22. Re1 Re7 23. Be5 Bxe5 24. fxe5 Rxe5 25. Qb3+ Be6 26. Qb1 Re8 27. Nc5
Bc4 28. Rc1 Qxb1 29. Rxb1 b6 30. Nb3 Re1+ 31. Rxe1 Rxe1+ 32. Kg2 Bd5+ 33. Kh3
Re3 34. Rc2 Be6+ 35. Kg2 Bf5 36. Rc1 Re2+ 37. Kf3 Rxh2 38. Nd4 Bd7 39. Ra1 Kf7
40. a4 c5 41. bxc5 bxc5 42. Ne2 Bc6+ 43. Ke3 Rh5 44. Kd3 Rf5 45. Ng1 Ke6 46.
Ne2 Kd6 47. Kd2 Rd5+ 48. Ke3 Re5+ 49. Kd2 Rd5+ 50. Ke3 Re5+ 51. Kd2 Bf3 52. Ng1
Rd5+ 53. Ke3 Bh5 54. Nh3 Re5+ 55. Kf4 Bg6 56. Nf2 h6 57. Rc1 a5 58. c4 Be8 59.
Ne4+ Ke6 60. Nc3 g5+ 61. Kf3 h5 62. Kf2 Bc6 63. Rc2 h4 64. g4 h3 65. Kg1 Bf3
66. Rd2 Bxg4 67. Rd8 Kf7 68. Rh8 Re1+ 69. Kh2 Re3 70. Nb5 Kg7 71. Nxc7 Re2+ 72.
Kh1 Bf3+ 73. Kg1 Kxh8 74. Kf1 h2 75. Nd5 h1=Q# {Hossa checkmated} 0-1

[Event "ICS rated bullet match"]
[Site "204.178.125.65"]
[Date "2001.09.02"]
[Round "?"]
[White "Hossa"]
[Black "Expert13"]
[Result "0-1"]
[WhiteElo "2405"]
[BlackElo "2644"]
[PlyCount "96"]
[EventDate "2001.??.??"]

1. e4 e5 2. Nf3 Nc6 3. Bb5 a6 4. Ba4 Nf6 5. d4 exd4 6. e5 Ne4 7. Nxd4 Bc5 8.
Bxc6 dxc6 9. c3 O-O 10. O-O f6 11. exf6 Qxf6 12. Be3 Bd6 13. Qd3 Qh4 14. g3 Qe7
15. Re1 Ng5 16. f4 Nh3+ 17. Kh1 Bg4 18. Nd2 Rae8 19. Qc4+ Rf7 20. Qf1 Qf8 21.
Nc4 c5 22. Ne2 Be6 23. Ng1 Bd5+ 24. Nf3 Ng5 25. Ncd2 Nxf3 26. Nxf3 Rfe7 27. c4
Bc6 28. Bd2 Be5 29. Rab1 Bf6 30. Rxe7 Rxe7 31. b4 Qd8 32. Bc1 Bc3 33. Bb2 Re3
34. Bxc3 Rxf3 35. Kg1 Rxf1+ 36. Rxf1 cxb4 37. Be1 Qd4+ 38. Rf2 Qe4 39. Kf1
Qxc4+ 40. Kg1 Qe4 41. Kf1 Bb5+ 42. Kg1 Qxe1+ 43. Kg2 Bc6+ 44. Kh3 Qxf2 45. Kh4
Bf3 46. h3 Qe1 47. f5 Qe7+ 48. f6 Qxf6# {Hossa checkmated} 0-1

[Event "ICS rated bullet match"]
[Site "204.178.125.65"]
[Date "2001.09.02"]
[Round "?"]
[White "Expert13"]
[Black "Hossa"]
[Result "1-0"]
[WhiteElo "2650"]
[BlackElo "2399"]
[PlyCount "63"]
[EventDate "2001.??.??"]

1. d4 d5 2. Nf3 Nf6 3. c4 c6 4. Qb3 dxc4 5. Qxc4 Bf5 6. g3 e6 7. Bg2 Bd6 8. O-O
b5 9. Qb3 O-O 10. Nbd2 Nbd7 11. Nh4 Qb6 12. e4 Bg4 13. e5 Nxe5 14. dxe5 Bxe5
15. h3 Bh5 16. g4 Bg6 17. Nxg6 hxg6 18. Re1 Qc7 19. Bxc6 Bxb2 20. Bxb2 Qxc6 21.
Bxf6 gxf6 22. Rac1 Qa6 23. Ne4 Kg7 24. Qb2 e5 25. g5 fxg5 26. Qxe5+ Kg8 27.
Nf6+ Kh8 28. Nh5+ f6 29. Qe7 Rf7 30. Qxf7 Rg8 31. Re8 Rxe8 32. Qg7# {
Hossa checkmated} 1-0

[Event "ICS rated blitz match"]
[Site "204.178.125.65"]
[Date "2001.09.02"]
[Round "?"]
[White "Hossa"]
[Black "Hadoken"]
[Result "0-1"]
[WhiteElo "2495"]
[BlackElo "2751"]
[PlyCount "75"]
[EventDate "2001.??.??"]

1. e4 c5 2. c3 d5 3. exd5 Qxd5 4. d4 Nf6 5. Nf3 e6 6. Be3 cxd4 7. cxd4 Nc6 8.
Nc3 Qd6 9. Bd3 Be7 10. O-O O-O 11. Rc1 Nb4 12. Nb5 Qd8 13. Nc7 Rb8 14. Bf4 Nh5
15. Be5 f6 16. Bc4 fxe5 17. Nxe6 Bxe6 18. Bxe6+ Kh8 19. Nxe5 Nf4 20. Nf7+ Rxf7
21. Bxf7 Nbd3 22. Rc2 Qxd4 23. Qg4 Rf8 24. Bb3 Bc5 25. Kh1 Nxb2 26. Qg5 Nbd3
27. Rd2 Qb4 28. Rc2 Nxf2+ 29. Rcxf2 Bxf2 30. Qe5 Bd4 31. Qe4 Nh3 32. Bf7 Ng5
33. Qd5 Nxf7 34. h3 Be5 35. a3 Qxa3 36. Qxb7 Qg3 37. Kg1 Qh2+ 38. Kf2 {
Hossa resigns} 0-1

[Event "ICS rated bullet match"]
[Site "204.178.125.65"]
[Date "2001.09.02"]
[Round "?"]
[White "Hossa"]
[Black "Expert13"]
[Result "0-1"]
[WhiteElo "2393"]
[BlackElo "2664"]
[PlyCount "150"]
[EventDate "2001.??.??"]

1. d4 d5 2. c4 c6 3. Nf3 Nf6 4. e3 g6 5. cxd5 Nxd5 6. e4 Nb4 7. Bc4 b5 8. Bb3
a5 9. a3 N4a6 10. a4 Bg7 11. axb5 cxb5 12. Bd5 Ra7 13. O-O e6 14. Bb3 a4 15.
Ba2 O-O 16. Nc3 Bd7 17. Bg5 Qc8 18. Rc1 Nc7 19. Be7 Re8 20. Bc5 Ra6 21. Qd2 Nc6
22. Ne2 Qd8 23. Bd6 Na8 24. Ba3 Qf6 25. Rc2 Rc8 26. Rfc1 Nb6 27. Bd6 Ra7 28.
Kh1 Rb7 29. Rc5 Na7 30. R1c2 Qd8 31. Qc1 b4 32. Rxc8 Nbxc8 33. Bf4 b3 34. Rc7
Qxc7 35. Bxc7 bxa2 36. Bg3 a3 37. b4 Rxb4 38. Nc3 Rb1 39. Nxa2 Rxc1+ 40. Nxc1
Bc6 41. Nd2 Bxd4 42. Ndb3 Bb6 43. f3 f5 44. exf5 exf5 45. h3 Bd5 46. Kh2 Nc6
47. Be1 Kf7 48. Bc3 h5 49. h4 Bf2 50. Kh3 f4 51. Bd2 Be3 52. Bc3 Nd6 53. Kh2
Nf5 54. Kh3 Be6 55. Kh2 Nxh4 56. Nd2 a2 57. Ncb3 Nd4 58. Nxd4 Bxd2 59. Bb2 Be3
60. Nc6 Bd5 61. Ne5+ Ke6 62. Ba1 g5 63. Kh1 g4 64. fxg4 Bxg2+ 65. Kh2 hxg4 66.
Nxg4 Bd4 67. Bxd4 Nf3+ 68. Kxg2 Nxd4 69. Kf2 a1=Q 70. Kg2 Qa8+ 71. Kg1 Qg8 72.
Kf2 Qxg4 73. Kf1 Qe2+ 74. Kg1 Nf3+ 75. Kh1 Qf1# {Hossa checkmated} 0-1

[Event "ICS rated blitz match"]
[Site "204.178.125.65"]
[Date "2001.09.02"]
[Round "?"]
[White "Hadoken"]
[Black "Hossa"]
[Result "1/2-1/2"]
[WhiteElo "2757"]
[BlackElo "2489"]
[PlyCount "64"]
[EventDate "2001.??.??"]

1. d4 Nf6 2. c4 e6 3. Nf3 d5 4. Nc3 Be7 5. Bg5 O-O 6. e3 h6 7. Bh4 b6 8. Be2
Bb7 9. Bxf6 Bxf6 10. cxd5 exd5 11. b4 c6 12. O-O a5 13. a3 axb4 14. axb4 Rxa1
15. Qxa1 Qc7 16. Rc1 Rd8 17. Bd3 Bc8 18. Qa2 Be6 19. Qc2 g6 20. Na4 Bg4 21. Nd2
Rc8 22. b5 Qb7 23. Qb3 Bd8 24. bxc6 Nxc6 25. Rc3 Na5 26. Qc2 Ra8 27. Bxg6 fxg6
28. Qxg6+ Qg7 29. Qe8+ Qf8 30. Qg6+ Qg7 31. Qe8+ Qf8 32. Qg6+ Qg7 {
Game drawn by repetition} 1/2-1/2

[Event "ICS rated bullet match"]
[Site "204.178.125.65"]
[Date "2001.09.02"]
[Round "?"]
[White "Hossa"]
[Black "Expert13"]
[Result "0-1"]
[WhiteElo "2387"]
[BlackElo "2679"]
[PlyCount "128"]
[EventDate "2001.??.??"]

1. d4 d5 2. c4 c6 3. cxd5 cxd5 4. Nc3 Nc6 5. e3 Nf6 6. Nf3 Bg4 7. Bd3 e6 8. Bd2
Bb4 9. h3 Bh5 10. a3 Be7 11. Rc1 O-O 12. O-O e5 13. dxe5 Nxe5 14. Be2 Bxf3 15.
Bxf3 Nxf3+ 16. Qxf3 Rc8 17. Qf5 g6 18. Qd3 Qd7 19. Nb5 a6 20. Nd4 Ne4 21. Ba5
Rfe8 22. Bb6 Qd6 23. Rxc8 Rxc8 24. Ba5 Qe5 25. Qb3 b5 26. Rd1 Rc4 27. Be1 Nc5
28. Qa2 Ne4 29. Qb3 Nc5 30. Qa2 Ne6 31. b3 Rc8 32. Nf3 Qe4 33. b4 Rc4 34. Qd2
Nc7 35. Nd4 Bd6 36. Kh1 Qe5 37. f4 Qf6 38. Bf2 Kh8 39. g3 Kg8 40. Kg1 Bf8 41.
Qd3 Qe7 42. f5 Bg7 43. fxg6 hxg6 44. Re1 Ne6 45. Qf1 Ng5 46. Rd1 Bxd4 47. exd4
Qe4 48. Qg2 Nf3+ 49. Kh1 Rc2 50. Rf1 Qe2 51. h4 Nxd4 52. g4 Nf3 53. h5 Nh4 54.
Qh3 Rc3 55. Qxh4 Qxf1+ 56. Kh2 Rc2 57. Qd8+ Kg7 58. h6+ Kh7 59. Qf6 Rxf2+ 60.
Qxf2 Qxf2+ 61. Kh1 d4 62. g5 d3 63. a4 d2 64. axb5 d1=Q# {Hossa checkmated} 0-1

[Event "ICS rated bullet match"]
[Site "204.178.125.65"]
[Date "2001.09.02"]
[Round "?"]
[White "Expert13"]
[Black "Hossa"]
[Result "1-0"]
[WhiteElo "2684"]
[BlackElo "2382"]
[PlyCount "85"]
[EventDate "2001.??.??"]

1. d4 Nf6 2. Nf3 g6 3. c4 Bg7 4. Nc3 O-O 5. e4 d6 6. Be2 Na6 7. O-O e5 8. Be3
exd4 9. Nxd4 Re8 10. f3 Bd7 11. Ndb5 Nc5 12. b4 Nfxe4 13. fxe4 Bxb5 14. bxc5
Bxc3 15. Rc1 Bb2 16. Rb1 Be5 17. cxb5 Qh4 18. h3 Qxe4 19. Rb3 dxc5 20. Bf3 Qh4
21. Bxb7 Rad8 22. Qf3 f5 23. Bc6 Re7 24. Bxc5 Bd4+ 25. Bxd4 Qxd4+ 26. Kh1 Qc4
27. Ra3 Qc5 28. Qb3+ Kf8 29. Qb2 Rd4 30. Qc1 Rc4 31. Qh6+ Rg7 32. Rd3 Qe7 33.
Rfd1 Rxc6 34. bxc6 Kf7 35. Rd7 Kf6 36. h4 Qxd7 37. cxd7 Rg8 38. d8=Q+ Rxd8 39.
Qg5+ Ke6 40. Qxd8 g5 41. hxg5 Ke5 42. Qd4+ Ke6 43. Qf6# {Hossa checkmated} 1-0

[Event "ICS rated bullet match"]
[Site "204.178.125.65"]
[Date "2001.09.02"]
[Round "?"]
[White "Hossa"]
[Black "Expert13"]
[Result "0-1"]
[WhiteElo "2377"]
[BlackElo "2689"]
[PlyCount "104"]
[EventDate "2001.??.??"]

1. e4 e5 2. Nf3 Nc6 3. Bb5 a6 4. Ba4 Nf6 5. O-O b5 6. Bb3 Bb7 7. Re1 Bc5 8. c3
d6 9. d4 Bb6 10. Be3 O-O 11. Nbd2 exd4 12. cxd4 Na5 13. Bc2 Re8 14. Bg5 h6 15.
Bh4 g5 16. e5 gxh4 17. exf6 Qxf6 18. Ne4 Qg7 19. Nxh4 Qxd4 20. Qg4+ Kf8 21. Qf4
Re6 22. Nf5 Qe5 23. Qxe5 dxe5 24. Rad1 Nc4 25. b3 Na3 26. Bd3 Rd8 27. Re2 c5
28. Bc2 Rd4 29. Nxd4 exd4 30. f3 f5 31. g4 c4 32. gxf5 d3+ 33. Rf2 dxc2 34. Rc1
cxb3 35. axb3 Re5 36. Kf1 Bxe4 37. fxe4 Bxf2 38. Kxf2 Rxe4 39. f6 Kf7 40. h4
Rxh4 41. Ke3 Rh3+ 42. Kd2 Rxb3 43. Rxc2 Nxc2 44. Kxc2 Rg3 45. Kd2 b4 46. Kd1 b3
47. Kd2 Kxf6 48. Ke2 b2 49. Kf2 Ra3 50. Kg2 b1=Q 51. Kf2 Qb2+ 52. Kg1 Ra1# {
Hossa checkmated} 0-1

[Event "ICS rated bullet match"]
[Site "204.178.125.65"]
[Date "2001.09.02"]
[Round "?"]
[White "Expert13"]
[Black "Hossa"]
[Result "1-0"]
[WhiteElo "2694"]
[BlackElo "2372"]
[PlyCount "103"]
[EventDate "2001.??.??"]

1. d4 Nf6 2. Nf3 g6 3. c4 Bg7 4. Nc3 O-O 5. e4 d6 6. Be2 e5 7. O-O Na6 8. Be3
Qe8 9. dxe5 dxe5 10. h3 Qe7 11. Nd5 Qd6 12. Qc2 Nxd5 13. cxd5 Nb4 14. Qc3 b6
15. Rfc1 f5 16. Qxc7 Qxc7 17. Rxc7 fxe4 18. Ng5 Bf5 19. d6 Nd3 20. g4 Bc8 21.
d7 Bxd7 22. Rxd7 Nxb2 23. Nxe4 Rfd8 24. Rxd8+ Rxd8 25. Rb1 Na4 26. Bb5 Nc5 27.
Nxc5 bxc5 28. Bxc5 a5 29. Bb6 Ra8 30. Bc4+ Kh8 31. Bxa5 h5 32. Bc7 Kh7 33. Kg2
Ra4 34. Be6 Ra6 35. Rb6 Ra7 36. Bd6 Kh6 37. Kf3 Bf6 38. Bf8+ Kg5 39. Kg3 h4+
40. Kf3 Ra4 41. Bb4 Bd8 42. Rb7 Ra6 43. Rf7 e4+ 44. Kxe4 Ra4 45. f4+ Kh6 46. a3
g5 47. Bf5 gxf4 48. Ke5 Ra7 49. Rxa7 Be7 50. Rxe7 Kg5 51. Bd2 Kh6 52. Bxf4# {
Hossa checkmated} 1-0

[Event "ICS rated bullet match"]
[Site "204.178.125.65"]
[Date "2001.09.02"]
[Round "?"]
[White "Hossa"]
[Black "Expert13"]
[Result "1-0"]
[WhiteElo "2368"]
[BlackElo "2698"]
[PlyCount "125"]
[EventDate "2001.??.??"]

1. d4 d5 2. c4 c6 3. cxd5 cxd5 4. Nf3 Nf6 5. Nc3 Nc6 6. Bf4 e6 7. e3 Nh5 8. Bg5
Qb6 9. Bb5 a6 10. Bxc6+ bxc6 11. Rb1 Qc7 12. Ne5 g6 13. Ng4 Bg7 14. Bh6 Bxh6
15. Nxh6 f5 16. Na4 Qg7 17. g4 Qxh6 18. gxh5 Qxh5 19. Qxh5 gxh5 20. Rg1 Ke7 21.
Rc1 Kd6 22. Nc5 Rb8 23. b3 e5 24. Kd2 Rb5 25. Rg7 exd4 26. exd4 a5 27. f4 h4
28. Kd3 h3 29. a3 h5 30. Re1 a4 31. bxa4 Rb8 32. Kc3 Rd8 33. Reg1 Bd7 34. R1g6+
Kc7 35. Ne6+ Kc8 36. Nxd8 Kxd8 37. Rd6 Rb7 38. a5 Ra7 39. a6 Rxa6 40. Rdxd7+
Ke8 41. Rb7 Kf8 42. Rgf7+ Kg8 43. Kb4 h4 44. Rxf5 Ra8 45. Rg5+ Kh8 46. Rg4 Re8
47. Kc5 Re3 48. Rxh4+ Kg8 49. Rg4+ Kf8 50. Rg3 Re2 51. Rxh3 Kg8 52. Kxc6 Re4
53. Rg3+ Kh8 54. f5 Re2 55. Rh3+ Kg8 56. Kxd5 Re1 57. f6 Rg1 58. f7+ Kg7 59.
Rh7+ Kg6 60. f8=R Rg5+ 61. Ke6 Re5+ 62. dxe5 Kg5 63. Rbg7# {Expert13 checkmated
} 1-0

[Event "ICS rated bullet match"]
[Site "204.178.125.65"]
[Date "2001.09.02"]
[Round "?"]
[White "Expert13"]
[Black "Hossa"]
[Result "1-0"]
[WhiteElo "2670"]
[BlackElo "2396"]
[PlyCount "141"]
[EventDate "2001.??.??"]

1. d4 Nf6 2. Nf3 g6 3. c4 Bg7 4. Nc3 d6 5. e4 O-O 6. Be2 e5 7. O-O exd4 8. Nxd4
Re8 9. f3 c6 10. Kh1 Na6 11. Nb3 Nh5 12. g4 Nf6 13. Bf4 Bf8 14. Qd2 Qd7 15.
Rad1 Re6 16. Kg1 h5 17. g5 Ne8 18. c5 b5 19. Nd4 Nxc5 20. b4 Na6 21. Nxe6 Qxe6
22. a3 Qe7 23. Qc2 Bh3 24. Rfe1 Nac7 25. Na2 Qd7 26. Qd2 d5 27. exd5 cxd5 28.
Nc3 Rd8 29. Be5 Bg7 30. Bd3 d4 31. Bxg7 Nxg7 32. Ne4 Nd5 33. Qe2 a6 34. Nc5 Qc8
35. Qe5 Nc3 36. Rc1 Qc6 37. Ne4 Ne8 38. Nxc3 dxc3 39. Rxc3 Qd7 40. Qf4 Qb7 41.
Be4 Qe7 42. Rce3 Qa7 43. Kh1 Qd4 44. Qg3 Bd7 45. Rd3 Qb6 46. Qe5 Qf2 47. Red1
Bh3 48. Qg3 Qxg3 49. hxg3 Rxd3 50. Rxd3 Nc7 51. Kh2 Bf1 52. Rd7 Ne6 53. f4 Bc4
54. Ra7 Nd4 55. Rxa6 Ne2 56. Rd6 Kf8 57. Bd5 Bxd5 58. Rxd5 Nc3 59. Rc5 Nb1 60.
a4 bxa4 61. b5 Nd2 62. b6 Nf3+ 63. Kh3 Ke7 64. b7 Kd6 65. Rc3 Kd7 66. b8=Q Ng1+
67. Kg2 h4 68. Qc7+ Ke6 69. Qe5+ Kd7 70. Rc7+ Kd8 71. Qe7# {Hossa checkmated}
1-0

[Event "ICS rated bullet match"]
[Site "204.178.125.65"]
[Date "2001.09.02"]
[Round "?"]
[White "Expert13"]
[Black "Hossa"]
[Result "1-0"]
[WhiteElo "2680"]
[BlackElo "2391"]
[PlyCount "105"]
[EventDate "2001.??.??"]

1. d4 Nf6 2. Nf3 g6 3. c4 Bg7 4. Nc3 O-O 5. e4 d6 6. Be2 e5 7. O-O Nc6 8. d5
Ne7 9. Ne1 Nd7 10. Nd3 f5 11. Bd2 Kh8 12. Bg5 fxe4 13. Nxe4 Nb6 14. Qc1 Bf5 15.
f3 Qd7 16. Ng3 c6 17. Bxe7 Qxe7 18. dxc6 bxc6 19. Nxf5 Rxf5 20. c5 Nd5 21. cxd6
Qxd6 22. Rd1 Bf6 23. Nf2 Bg5 24. Qc2 Be3 25. Bd3 Rh5 26. Be4 Rb8 27. Rab1 Qe6
28. a3 Rd8 29. Rd3 a5 30. Rbd1 Bd4 31. Kh1 Rb8 32. Rb1 a4 33. Ng4 Ra8 34. Qc4
Ra5 35. Rxd4 exd4 36. Qxd4+ Kg8 37. Bxd5 Rhxd5 38. Nf6+ Kf7 39. Nxd5 Qxd5 40.
Qf4+ Kg7 41. Qc7+ Kh6 42. h4 Ra8 43. Qf4+ Kg7 44. Re1 Ra7 45. Re8 Qc5 46. Re5
Qf2 47. h5 h6 48. Re6 Kg8 49. Qb8+ Kg7 50. Qe5+ Kg8 51. Re8+ Kf7 52. Qe6+ Kg7
53. Qxg6# {Hossa checkmated} 1-0

[Event "ICS rated bullet match"]
[Site "204.178.125.65"]
[Date "2001.09.02"]
[Round "?"]
[White "Hossa"]
[Black "Expert13"]
[Result "0-1"]
[WhiteElo "2386"]
[BlackElo "2663"]
[PlyCount "86"]
[EventDate "2001.??.??"]

1. d4 d5 2. c4 dxc4 3. Nf3 a6 4. e3 Nf6 5. Bxc4 e6 6. O-O c5 7. Bd3 Nc6 8. Nc3
cxd4 9. exd4 Be7 10. Be3 O-O 11. Rc1 Nb4 12. Ng5 h6 13. Nge4 Nxe4 14. Bxe4 f5
15. a3 fxe4 16. axb4 Bxb4 17. Nxe4 Qd5 18. f3 Bd7 19. Rf2 Rad8 20. Ra1 a5 21.
Rc2 Bc6 22. Qd3 Bb5 23. Qd1 e5 24. Nc3 Bxc3 25. bxc3 a4 26. Rb2 exd4 27. cxd4
Bd7 28. Qd3 b5 29. Re1 Rc8 30. Qa3 Rc6 31. Qe7 Rc4 32. Rbe2 b4 33. Bf2 Re8 34.
Qh4 Rxe2 35. Rxe2 a3 36. Re5 Qxe5 37. dxe5 Rxh4 38. Bxh4 a2 39. Kf2 a1=Q 40. h3
Qd4+ 41. Ke2 Bb5+ 42. Ke1 Qe3+ 43. Kd1 Ba4# {Hossa checkmated} 0-1

[Event "ICS rated standard match"]
[Site "204.178.125.65"]
[Date "2001.09.02"]
[Round "?"]
[White "Hossa"]
[Black "Tinker"]
[Result "1/2-1/2"]
[WhiteElo "2249"]
[BlackElo "2254"]
[PlyCount "118"]
[EventDate "2001.??.??"]

1. e4 e5 2. Nf3 Nf6 3. d4 Nxe4 4. dxe5 d5 5. Nbd2 Nc5 6. Nb3 Nxb3 7. axb3 Be7
8. Be3 Bg4 9. Rxa7 Rxa7 10. Bxa7 Nd7 11. Qxd5 c6 12. Qd2 b6 13. Qd4 Bxf3 14.
gxf3 Bc5 15. Qe4 Qc7 16. b4 Be7 17. Bh3 Qxa7 18. Qxc6 Bd8 19. O-O Qc7 20. Qb5
Ke7 21. f4 Nb8 22. Qd3 Kf8 23. Ra1 Be7 24. c3 h5 25. Ra8 Rh6 26. Bf5 g6 27. Be4
Kg7 28. Ra1 f6 29. exf6+ Bxf6 30. f5 g5 31. Qe3 Rh7 32. Bd5 Qe5 33. Qxb6 Qxd5
34. Qxb8 Qxf5 35. Ra7+ Kh6 36. Qf8+ Rg7 37. Qh8+ Kg6 38. Qe8+ Kh6 39. Qh8+ Qh7
40. Qxh7+ Kxh7 41. Rxg7+ Kxg7 42. Kg2 Kf7 43. h3 Ke6 44. Kf3 Kd5 45. Ke3 Kc4
46. f4 Kb3 47. b5 Bd8 48. fxg5 Bxg5+ 49. Ke4 Bd8 50. Ke5 Kc4 51. b6 Bxb6 52. h4
Bd8 53. Kf5 Kb3 54. Kg6 Bxh4 55. Kxh5 Kxb2 56. c4 Kc3 57. c5 Kd4 58. c6 Bg3 59.
c7 Bxc7 {Game drawn because neither player has mating material} 1/2-1/2

[Event "ICS rated blitz match"]
[Site "204.178.125.65"]
[Date "2001.09.02"]
[Round "?"]
[White "RAFFAELE"]
[Black "Hossa"]
[Result "0-1"]
[WhiteElo "2312"]
[BlackElo "2499"]
[PlyCount "78"]
[EventDate "2001.??.??"]

1. Nf3 f5 2. d3 Nc6 3. e4 fxe4 4. dxe4 e6 5. e5 Bc5 6. Bd3 Nge7 7. Nc3 a6 8.
Ne4 Bb6 9. Bg5 O-O 10. c3 Qe8 11. Qe2 Ng6 12. Ned2 h6 13. Be3 Bxe3 14. Qxe3 Nf4
15. O-O-O Qh5 16. Bf1 Qf5 17. g3 Nd5 18. Qe2 d6 19. exd6 cxd6 20. Bg2 b5 21.
Ne4 Rd8 22. Nh4 Qf7 23. f4 Nce7 24. Rhf1 a5 25. Kb1 Ra6 26. Qd2 Rc6 27. g4 b4
28. cxb4 axb4 29. Rc1 Rxc1+ 30. Qxc1 Ba6 31. Rf2 Ng6 32. Nxg6 Qxg6 33. f5 Bd3+
34. Ka1 Qxg4 35. Ng3 Ra8 36. Qd2 Rxa2+ 37. Kxa2 Qc4+ 38. b3 Qa6+ 39. Kb2 Qa3# {
RAFFAELE checkmated} 0-1

[Event "ICS rated blitz match"]
[Site "204.178.125.65"]
[Date "2001.09.02"]
[Round "?"]
[White "Hossa"]
[Black "leifberg"]
[Result "1-0"]
[WhiteElo "2507"]
[BlackElo "2511"]
[PlyCount "67"]
[EventDate "2001.??.??"]

1. d4 Nf6 2. Nf3 e6 3. c4 b6 4. a3 Bb7 5. Nc3 d5 6. Qc2 dxc4 7. e3 c5 8. dxc5
Bxc5 9. Bxc4 O-O 10. e4 Nc6 11. O-O Nd4 12. Qd3 Nxf3+ 13. Qxf3 Qd4 14. Bd3 Nd7
15. Bb5 Ne5 16. Qe2 Qd8 17. Qh5 f5 18. Bg5 Qb8 19. Bf4 Bd6 20. f3 fxe4 21. fxe4
Nf3+ 22. Rxf3 Bxf4 23. Bd7 Qd6 24. Rd1 Qe7 25. Qg4 Qc5+ 26. Kh1 Be5 27. Rh3 Rf6
28. Bxe6+ Kh8 29. Bf5 Qc7 30. Rxh7+ Kg8 31. Nb5 Qf7 32. Qh3 Kf8 33. Rh8+ Ke7
34. Rd7# {leifberg checkmated} 1-0

[Event "ICS rated blitz match"]
[Site "204.178.125.65"]
[Date "2001.09.02"]
[Round "?"]
[White "Hossa"]
[Black "star2"]
[Result "0-1"]
[WhiteElo "2523"]
[BlackElo "2692"]
[PlyCount "111"]
[EventDate "2001.??.??"]

1. e4 e5 2. Nf3 Nc6 3. Bb5 a6 4. Ba4 Nf6 5. O-O Nxe4 6. d4 b5 7. Bb3 d5 8. dxe5
Be6 9. Nbd2 Nc5 10. c3 d4 11. Bxe6 Nxe6 12. cxd4 Ncxd4 13. Ne4 Be7 14. Be3 Nf5
15. Qc2 O-O 16. Neg5 Bxg5 17. Nxg5 Nxg5 18. Qxf5 Ne6 19. Rfd1 Qh4 20. g3 Qb4
21. b3 Rad8 22. Rac1 g6 23. Qf6 Rfe8 24. Rxd8 Rxd8 25. Bh6 c5 26. h3 Qe4 27.
Kh2 c4 28. bxc4 bxc4 29. Rc3 a5 30. Rf3 Qb7 31. g4 Qc7 32. Rc3 Rd3 33. Rc2 c3
34. Rc1 Qb7 35. Rf1 Qb2 36. Re1 c2 37. Qe7 Qb8 38. Re2 g5 39. Bxg5 Qc8 40. Bc1
Rd1 41. Bh6 c1=Q 42. Bxc1 Qxc1 43. Qb7 Qf4+ 44. Kg2 Qc4 45. Rb2 Qf1+ 46. Kg3
Rd3+ 47. f3 Nd4 48. Qa8+ Kg7 49. Qe4 Rxf3+ 50. Qxf3 Qxf3+ 51. Kh2 Ne2 52. Rxe2
Qxe2+ 53. Kg3 Qxa2 54. h4 Qe2 55. Kf4 h5 56. e6 {Hossa resigns} 0-1

[Event "ICS rated blitz match"]
[Site "204.178.125.65"]
[Date "2001.09.03"]
[Round "?"]
[White "Shrewder"]
[Black "Hossa"]
[Result "0-1"]
[WhiteElo "2324"]
[BlackElo "2514"]
[PlyCount "48"]
[EventDate "2001.??.??"]

1. Nf3 b6 2. d4 Bb7 3. c4 e6 4. a3 Be7 5. Nc3 Nf6 6. d5 exd5 7. cxd5 O-O 8. e4
Re8 9. e5 Bd6 10. Bf4 Ng4 11. Be2 Nxe5 12. Nxe5 Bxe5 13. Be3 c6 14. Qd2 cxd5
15. Nxd5 Bxb2 16. Qxb2 Bxd5 17. O-O Nc6 18. Rfd1 Be4 19. Rac1 Qe7 20. Bb5 Rab8
21. a4 Qh4 22. g3 Qh3 23. Bf1 Qf5 24. Qb5 Qf3 {Shrewder resigns} 0-1

[Event "ICS rated blitz match"]
[Site "204.178.125.65"]
[Date "2001.09.03"]
[Round "?"]
[White "Hossa"]
[Black "Shrewder"]
[Result "1-0"]
[WhiteElo "2522"]
[BlackElo "2316"]
[PlyCount "125"]
[EventDate "2001.??.??"]

1. d4 Nf6 2. Nf3 d6 3. Nc3 Bg4 4. e4 Nbd7 5. Be2 e5 6. O-O Be7 7. dxe5 dxe5 8.
Ng5 Bxe2 9. Qxe2 c6 10. Rd1 O-O 11. Be3 b5 12. a4 b4 13. Nb1 Qc7 14. Nd2 Nc5
15. Bxc5 Bxc5 16. Nc4 Bd4 17. Rd3 Rfd8 18. Rad1 Qe7 19. Nf3 Qe6 20. Nfxe5 Bb6
21. Rxd8+ Bxd8 22. Rd6 Qe8 23. Rxc6 Bb6 24. Rxf6 gxf6 25. Qg4+ Kh8 26. Nd6 fxe5
27. Nxe8 Rxe8 28. Qf5 Bd4 29. Qxf7 Rg8 30. Qf6+ Rg7 31. Qf8+ Rg8 32. Qxb4 h6
33. c3 Bb6 34. Qe7 Rg7 35. Qxe5 Kh7 36. Qf5+ Kg8 37. a5 Bc7 38. Qd5+ Kf8 39.
Qa8+ Ke7 40. Qxa7 Kf6 41. Qd4+ Be5 42. Qb6+ Kf7 43. a6 Kg8 44. a7 Rxa7 45. Qxa7
Bg7 46. Qa2+ Kf8 47. Qe6 h5 48. Qf5+ Ke7 49. Qxh5 Bf6 50. Qc5+ Ke6 51. f4 Be7
52. Qd5+ Kf6 53. e5+ Kf5 54. Qf7+ Ke4 55. Qxe7 Kd3 56. Qd7+ Kc2 57. Qb5 Kd2 58.
Kf2 Kc2 59. Ke3 Kd1 60. Qb3+ Kc1 61. Kd3 Kb1 62. Qa3 Kc1 63. Qa1# {
Shrewder checkmated} 1-0

[Event "ICS rated blitz match"]
[Site "204.178.125.65"]
[Date "2001.09.03"]
[Round "?"]
[White "KingKings"]
[Black "Hossa"]
[Result "0-1"]
[WhiteElo "2526"]
[BlackElo "2504"]
[PlyCount "80"]
[EventDate "2001.??.??"]

1. e4 e5 2. f4 exf4 3. Nf3 Be7 4. Nc3 Bh4+ 5. Ke2 Bf6 6. d4 g5 7. e5 Be7 8. Kf2
Nh6 9. Nd5 d6 10. Nxe7 Ng4+ 11. Kg1 Qxe7 12. exd6 cxd6 13. h4 Ne3 14. Bxe3
Qxe3+ 15. Kh2 g4 16. Bb5+ Kd8 17. Re1 Qf2 18. Rf1 Qg3+ 19. Kg1 gxf3 20. Qxf3
Qxh4 21. Rae1 Rg8 22. Qe4 Qg5 23. Rf2 Be6 24. Qxh7 f3 25. c4 fxg2 26. d5 Bd7
27. Rxf7 Qg4 28. Bxd7 Qd4+ 29. Rf2 Rg7 30. Qh3 Rxd7 31. Qe3 Qh4 32. Rxg2 Kc7
33. c5 dxc5 34. Qxc5+ Nc6 35. Rd1 Rh8 36. d6+ Kb8 37. Qd5 Nd8 38. Kf1 Re8 39.
Rf2 Rg7 40. Qf3 Rf7 {KingKings resigns} 0-1

[Event "ICS rated blitz match"]
[Site "204.178.125.65"]
[Date "2001.09.03"]
[Round "?"]
[White "Hossa"]
[Black "KingKings"]
[Result "0-1"]
[WhiteElo "2521"]
[BlackElo "2509"]
[PlyCount "82"]
[EventDate "2001.??.??"]

1. d4 d5 2. Nf3 Nf6 3. c4 c6 4. Qb3 dxc4 5. Qxc4 Bf5 6. Nc3 Nbd7 7. g3 e6 8.
Bg2 Nb6 9. Qb3 Be7 10. O-O O-O 11. Qd1 Bb4 12. Nh4 Bg4 13. h3 Bh5 14. Nf3 Bxc3
15. bxc3 Nbd5 16. Bb2 Ne4 17. Qc2 Bxf3 18. Bxf3 Nxg3 19. fxg3 Ne3 20. Qe4 Nxf1
21. Rxf1 Qa5 22. a3 Rad8 23. Qg4 f5 24. Qf4 Qb5 25. Qc1 Qc4 26. Qg5 e5 27. e3
Rde8 28. Bd1 h6 29. Qh5 exd4 30. exd4 Re3 31. Kf2 f4 32. gxf4 Qd3 33. Kg2 Rg3+
34. Kh2 Qxf1 35. Bb3+ Kh7 36. Bc2+ Kh8 37. Kxg3 Qxf4+ 38. Kg2 Qf1+ 39. Kh2 Rf2+
40. Kg3 Rg2+ 41. Kh4 Qf2# {Hossa checkmated} 0-1